LEADER 01703oam 2200385 450 001 9910707211903321 005 20161019084148.0 035 $a(CKB)5470000002463393 035 $a(OCoLC)958302529 035 $a(EXLCZ)995470000002463393 100 $a20160913d2016 ua 0 101 0 $aspa 135 $aurmn||||||||| 181 $ctxt$2rdacontent 182 $cc$2rdamedia 183 $acr$2rdacarrier 200 00$aCo?mo educar a las embarazadas sobre el manejo del estre?s durantre el brote del virus del zika $einformacio?n para proveedores de cuidado se salud /$fSubsecretaria de Preparacio?n y Respuesta 210 1$a[Bethesda, MD] :$cDepartment of Health and Human Services USA, Assistant Secretary for Preparedness and Response :$cU.S. Department of Health and Human Services, Office of Minority Health,$d[2016] 215 $a1 online resource (1 page) $ccolor illustrations 300 $aTitle from title screen (viewed on September 13, 2016). 300 $aIn Spanish. 517 $aCo?mo educar a las embarazadas sobre el manejo del estre?s durantre el brote del virus del zika 606 $aPregnant women$xHealth aspects 606 $aZika virus 615 0$aPregnant women$xHealth aspects. 615 0$aZika virus. 712 02$aUnited States.$bDepartment of Health and Human Services.$bOffice of the Assistant Secretary for Preparedness and Response, 712 02$aUnited States.$bOffice of Minority Health, 801 0$bGPO 801 1$bGPO 801 2$bGPO 906 $aBOOK 912 $a9910707211903321 996 $aCo?mo educar a las embarazadas sobre el manejo del estre?s durantre el brote del virus del zika$93536239 997 $aUNINA